Entrepreneurship Development (Record no. 6793)
[ view plain ]
| 000 -LEADER | |
|---|---|
| fixed length control field | 00453nam a2200181Ia 4500 |
| 008 - FIXED-LENGTH DATA ELEMENTS--GENERAL INFORMATION | |
| fixed length control field | 230711s9999||||xx |||||||||||||| ||und|| |
| 020 ## - INTERNATIONAL STANDARD BOOK NUMBER | |
| International Standard Book Number | 978-93-272-3608-8 |
| 041 ## - LANGUAGE CODE | |
| Language code of text/sound track or separate title | ENG |
| 082 ## - DEWEY DECIMAL CLASSIFICATION NUMBER | |
| Classification number | 658.421 |
| Item number | AR-E |
| 100 ## - MAIN ENTRY--PERSONAL NAME | |
| Personal name | Arora,Renu |
| 245 #0 - TITLE STATEMENT | |
| Title | Entrepreneurship Development |
| 250 ## - EDITION STATEMENT | |
| Edition statement | 1st Ed. |
| 260 ## - PUBLICATION, DISTRIBUTION, ETC. | |
| Date of publication, distribution, etc. | 2015 |
| Place of publication, distribution, etc. | New Delhi |
| Name of publisher, distributor, etc. | Kalyani Publishers House |
| 300 ## - PHYSICAL DESCRIPTION | |
| Extent | 5.19p. |
| 650 ## - SUBJECT ADDED ENTRY--TOPICAL TERM | |
| Topical term or geographic name entry element | UNIVESITY BUSNIESS SCHOOL |
| 700 ## - ADDED ENTRY--PERSONAL NAME | |
| Personal name | Sood,S.K |
| 942 ## - ADDED ENTRY ELEMENTS (KOHA) | |
| Koha item type | Book |
| Withdrawn status | Lost status | Damaged status | Not for loan | Collection | Home library | Current library | Date acquired | Source of acquisition | Cost, normal purchase price | Inventory number | Total checkouts | Full call number | Barcode | Date last seen | Price effective from | Koha item type | Date last checked out | Date due |
|---|---|---|---|---|---|---|---|---|---|---|---|---|---|---|---|---|---|---|
| MRSPTU Central Library | MRSPTU Central Library | 11/05/2043 | Krishna Book Distributors | 140.00 | KBD/2017-2018/1020243059 | 658.421 AR-E | 40482 | 08/17/2023 | 08/17/2023 | Book | ||||||||
| MRSPTU Central Library | MRSPTU Central Library | 11/05/2043 | Krishna Book Distributors | 140.00 | KBD/2017-2018/1020243059 | 658.421 AR-E | 40483 | 08/17/2023 | 08/17/2023 | Book | ||||||||
| MRSPTU Central Library | MRSPTU Central Library | 11/05/2043 | Krishna Book Distributors | 140.00 | KBD/2017-2018/1020243059 | 658.421 AR-E | 40484 | 08/17/2023 | 08/17/2023 | Book | ||||||||
| MRSPTU Central Library | MRSPTU Central Library | 11/05/2043 | Krishna Book Distributors | 140.00 | KBD/2017-2018/1020243059 | 658.421 AR-E | 40485 | 01/29/2024 | 08/17/2023 | Book | ||||||||
| MRSPTU Central Library | MRSPTU Central Library | 11/05/2043 | Krishna Book Distributors | 140.00 | KBD/2017-2018/1020243059 | 1 | 658.421 AR-E | 40486 | 06/12/2024 | 08/17/2023 | Book | 03/07/2024 | ||||||
| MRSPTU Central Library | MRSPTU Central Library | 11/05/2043 | Krishna Book Distributors | 140.00 | KBD/2017-2018/1020243059 | 658.421 AR-E | 40487 | 08/17/2023 | 08/17/2023 | Book | ||||||||
| MRSPTU Central Library | MRSPTU Central Library | 11/05/2043 | Krishna Book Distributors | 140.00 | KBD/2017-2018/1020243059 | 1 | 658.421 AR-E | 40488 | 04/22/2024 | 08/17/2023 | Book | 03/07/2024 | ||||||
| MRSPTU Central Library | MRSPTU Central Library | 11/05/2043 | Krishna Book Distributors | 140.00 | KBD/2017-2018/1020243059 | 658.421 AR-E | 40489 | 08/17/2023 | 08/17/2023 | Book | ||||||||
| MRSPTU Central Library | MRSPTU Central Library | 11/05/2043 | Krishna Book Distributors | 140.00 | KBD/2017-2018/1020243059 | 658.421 AR-E | 40490 | 08/17/2023 | 08/17/2023 | Book | ||||||||
| MRSPTU Central Library | MRSPTU Central Library | 11/05/2043 | Krishna Book Distributors | 140.00 | KBD/2017-2018/1020243059 | 1 | 658.421 AR-E | 40491 | 04/17/2025 | 08/17/2023 | Book | 04/17/2025 | 05/13/2025 |
